[Event "Ch Sweden (team) 1999/00"]
[Site "masterchessopen.com Sweden"]
[Round "9"]
[White "Matros Alexander (KAZ)"]
[Black "Eriksson Mats (SWE)"]
[Result "1-0"]
[WhiteElo "2425"]
[BlackElo "2280"]

1.d4 d5 2.c4 c6 3.Nc3 e6 4.e3 Nf6 5.Nf3 Nbd7 6.Qc2 Bd6 7.e4 dxe4 8.Nxe4 Nxe4
9.Qxe4 O-O 10.Bd3 Nf6 11.Qh4 Bb4+ 12.Ke2 Be7 13.Bg5 h6 14.Bxh6 gxh6 15.Qxh6 e5
16.dxe5 Re8 17.Ng5 Bg4+ 18.f3 {#r} 1-0

[Event "Ch Switzerland (team) 2000"]
[Site "masterchessopen.com Switzerland"]
[Round "0"]
[White "Kuemin Simon (SUI)"]
[Black "Staechelin Ruedi (SUI)"]
[Result "1-0"]
[WhiteElo "2259"]
[BlackElo "2191"]

1.d4 d5 2.c4 c6 3.Nf3 Nf6 4.Nc3 e6 5.e3 Nbd7 6.Qc2 Bd6 7.Bd3 O-O 8.O-O b6 9.e4
dxc4 10.Bxc4 e5 11.Rd1 Qe7 12.Bb3 Bb7 13.h3 Rac8 14.dxe5 Nxe5 15.Nd4 Bb8
16.Nf5 Qc7 17.f4 Ng6 18.Nd6 Rcd8 19.e5 Nh5 20.Qf5 {#r} 1-0

[Event "Ch World (juniors) (under 20)"]
[Site "masterchessopen.com Athens (Greece)"]
[Round "10"]
[White "Simutowe Amon (ZAM)"]
[Black "Cernousek Lukas (CZE)"]
[Result "1-0"]
[WhiteElo "2428"]
[BlackElo "2276"]

1.c4 Nf6 2.Nf3 c6 3.Nc3 d5 4.e3 Nbd7 5.d4 e6 6.Qc2 Bd6 7.Be2 O-O 8.O-O Re8
9.Rd1 Qc7 10.h3 a6 11.e4 Nxe4 12.Nxe4 dxe4 13.Qxe4 e5 14.c5 Be7 15.Bc4 g6
16.b4 a5 17.dxe5 Bf6 18.Bxf7+ Kxf7 19.Qc4+ Kg7 20.Rxd7+ {#r} 1-0

[Event "Bundesliga (juniors) (North) West 2000/01"]
[Site "masterchessopen.com Germany"]
[Round "0"]
[White "Meyer Malte (GER)"]
[Black "Fehsenfeld Frithjof (GER)"]
[Result "1-0"]
[WhiteElo "2171"]
[BlackElo "2123"]

1.d4 d5 2.c4 c6 3.Nf3 Nf6 4.Nc3 e6 5.e3 Nbd7 6.Qc2 Be7 7.Bd2 O-O 8.e4 dxe4
9.Nxe4 b6 10.g4 Nxg4 11.Rg1 f5 12.Ng3 c5 13.h3 Ngf6 14.d5 f4 15.Bxf4 Nxd5
16.cxd5 Rxf4 17.Nh5 Rxf3 18.Rxg7+ Kf8 19.Qxh7 {#r} 1-0

[Event "Ch Hungary (team) 2000/01"]
[Site "masterchessopen.com Hungary"]
[Round "8"]
[White "Kiss Emese (HUN)"]
[Black "Forgo Eva (HUN)"]
[Result "1-0"]
[WhiteElo "2096"]
[BlackElo "2211"]

1.d4 d5 2.c4 c6 3.Nc3 Nf6 4.e3 e6 5.Nf3 Nbd7 6.Qc2 Bd6 7.Bd2 Qe7 8.O-O-O dxc4
9.Bxc4 b5 10.Bd3 Bb7 11.Kb1 h6 12.e4 e5 13.Nh4 Ng4 14.Nf5 Qf8 15.d5 a6 16.dxc6
Bxc6 17.Nxb5 Bxb5 18.Bxb5 axb5 19.Qc6 {#r} 1-0

[Event "It (open)"]
[Site "masterchessopen.com Sautron (France)"]
[Round "1"]
[White "Dumitrache Dragos-Nicolae (ROM)"]
[Black "Berthelot Yannick (FRA)"]
[Result "1-0"]
[WhiteElo "2495"]
[BlackElo "2275"]

1.d4 d5 2.c4 c6 3.Nf3 Nf6 4.Nc3 e6 5.e3 Nbd7 6.Qc2 Bd6 7.Be2 O-O 8.O-O dxc4
9.Bxc4 a6 10.Bd2 c5 11.dxc5 Bxc5 12.Ne4 Nxe4 13.Qxe4 Nf6 14.Qc2 Qc7 15.Rac1
Bd6 16.Qb1 Qb8 17.Bc3 Ng4 18.h3 Nh2 19.Ng5 f5 20.Rfd1 {#r} 1-0

[Event "Ch Sweden (team) 2001/02"]
[Site "masterchessopen.com Stockholm (Sweden)"]
[Round "3"]
[White "Sokolov Ivan (NED)"]
[Black "Ornstein Axel (SWE)"]
[Result "1-0"]
[WhiteElo "2658"]
[BlackElo "2426"]

1.d4 Nf6 2.c4 e6 3.Nf3 d5 4.Nc3 c6 5.e3 Nbd7 6.Qc2 Bd6 7.g4 dxc4 8.Bxc4 b5
9.Be2 b4 10.Na4 Bb7 11.g5 Nd5 12.Bd2 c5 13.Nxc5 Bxc5 14.dxc5 Rc8 15.e4 Rxc5
16.Qd3 Nc7 17.Bxb4 Ba6 18.Qd2 {#r} 1-0

[Event "Ch Ukraine (team)"]
[Site "masterchessopen.com Alushta (Ukraine)"]
[Round "9"]
[White "Ushenina Anna (UKR)"]
[Black "Romanchuk Viktor (UKR)"]
[Result "1-0"]
[WhiteElo "2291"]
[BlackElo "2284"]

1.d4 d5 2.c4 c6 3.Nc3 Nf6 4.Nf3 e6 5.e3 Nbd7 6.Qc2 Bd6 7.Be2 O-O 8.O-O Qe7
9.c5 Bc7 10.e4 dxe4 11.Nxe4 Nxe4 12.Qxe4 e5 13.Bg5 f6 14.Bd3 g6 15.Bh6 Re8
16.Bc4+ Kh8 17.Qh4 Nf8 18.dxe5 Bxe5 19.Nxe5 Qxe5 20.Rae1 {#r} 1-0

[Event "Ch Aragon (preferente)"]
[Site "masterchessopen.com Aragon (Spain)"]
[Round "5"]
[White "Carraminana Lopez Luis Antonio (ESP)"]
[Black "Morato Garcia Jesus (ESP)"]
[Result "0-1"]
[WhiteElo "2058"]
[BlackElo "1933"]

1.d4 Nf6 2.Nf3 d5 3.c4 e6 4.Nc3 c6 5.e3 Nbd7 6.Qc2 Be7 7.g4 b6 8.Rg1 Bb7 9.g5
Nh5 10.g6 hxg6 11.Be2 Rc8 12.e4 Qc7 13.exd5 cxd5 14.Rxg6 fxg6 15.Qxg6+ Kf8
16.Ng5 Bxg5 17.Bxh5 Rxh5 18.Bxg5 Qxh2 19.O-O-O Rxg5 {#R} 0-1

[Event "It (open)"]
[Site "masterchessopen.com Arequipa (Peru)"]
[Round "1"]
[White "Hellsten Johan (SWE)"]
[Black "Alarcon Walter (PER)"]
[Result "1-0"]
[WhiteElo "2488"]
[BlackElo "2144"]

1.d4 Nf6 2.c4 e6 3.Nf3 d5 4.Nc3 c6 5.e3 Nbd7 6.Qc2 Be7 7.Bd3 O-O 8.O-O Re8
9.Re1 a6 10.e4 dxe4 11.Nxe4 Nxe4 12.Bxe4 Nf8 13.Bd2 Bf6 14.Bc3 Bd7 15.Rad1 Qc7
16.h4 b5 17.b3 Rab8 18.Ng5 h6 19.Bh7+ Kh8 20.Nxf7# 1-0

[Event "Ch Kreuzberg Chess Club"]
[Site "masterchessopen.com Berlin (Germany)"]
[Round "4"]
[White "Hildebrand Gerald (GER)"]
[Black "Schnitzer Peter (GER)"]
[Result "1-0"]
[WhiteElo "2259"]
[BlackElo "2208"]

1.d4 d5 2.c4 c6 3.e3 Nf6 4.Nc3 e6 5.Nf3 Nbd7 6.Qc2 Bd6 7.b3 O-O 8.Be2 e5
9.dxe5 Nxe5 10.cxd5 Nxd5 11.Nxd5 cxd5 12.O-O Nxf3+ 13.Bxf3 Qh4 14.g3 Qf6
15.Bxd5 Bf5 16.e4 Qxa1 17.Bb2 Bxe4 18.Bxe4 {#r} 1-0

[Event "It (b)"]
[Site "masterchessopen.com Cullera (Spain)"]
[Round "1"]
[White "Camarena Gimenez Rufino (ESP)"]
[Black "Durao Joaquim (POR)"]
[Result "0-1"]
[WhiteElo "2361"]
[BlackElo "2127"]

1.d4 d5 2.c4 c6 3.Nf3 Nf6 4.e3 e6 5.Nc3 Nbd7 6.Qc2 a6 7.b3 Bd6 8.Bd3 O-O 9.g4
e5 10.dxe5 Nxe5 11.Nxe5 Bxe5 12.Bb2 Bxg4 13.f4 Bc7 14.Rg1 d4 15.exd4 Qxd4
16.Ne2 Ba5+ 17.Bc3 Bxe2 {#R} 0-1

[Event "Cup STEK (cat.3)"]
[Site "masterchessopen.com Donskoj (Russia)"]
[Round "13"]
[White "Novikov Maxim (RUS)"]
[Black "Trunov Andrey (RUS)"]
[Result "1-0"]
[WhiteElo "2498"]
[BlackElo "2067"]

1.d4 d5 2.c4 e6 3.Nc3 Nf6 4.Nf3 c6 5.e3 Nbd7 6.Qc2 Bd6 7.g4 h6 8.Rg1 Qe7 9.h4
g6 10.g5 hxg5 11.hxg5 Nh5 12.Bd2 dxc4 13.Bxc4 Nb6 14.Ne4 Nxc4 15.Qxc4 Bd7
16.Ne5 O-O-O 17.Nxd6+ Qxd6 18.Nxf7 {#r} 1-0

[Event "It (open)"]
[Site "masterchessopen.com El Sauzal (Spain)"]
[Round "8"]
[White "Brito Garcia Alfredo (ESP)"]
[Black "Pinto Henriquez Rodrigo (ESP)"]
[Result "1-0"]
[WhiteElo "2343"]
[BlackElo "2251"]

1.d4 d5 2.Nf3 Nf6 3.c4 c6 4.Nc3 e6 5.e3 Nbd7 6.Qc2 Bd6 7.b3 O-O 8.Be2 dxc4
9.bxc4 e5 10.O-O Qc7 11.a4 exd4 12.exd4 Bf4 13.Bd3 Re8 14.Ba3 Nf8 15.h3 Ng6
16.Rae1 Bd7 17.Ne2 Bd6 18.Bb2 Bb4 19.Rb1 Nf4 20.Nxf4 {#r} 1-0

[Event "It"]
[Site "masterchessopen.com Olavarria (Argentina)"]
[Round "6"]
[White "Flores Diego (ARG)"]
[Black "Giampa Alejandro (ARG)"]
[Result "1-0"]
[WhiteElo "2480"]
[BlackElo "2231"]

1.d4 d5 2.c4 e6 3.Nc3 c6 4.e3 Nf6 5.Nf3 Nbd7 6.Qc2 a6 7.cxd5 cxd5 8.Bd3 b5
9.O-O Bb7 10.Bd2 Be7 11.a3 Rc8 12.Rac1 Ne4 13.Qb1 f5 {#r} 1-0

[Event "It (cat.8)"]
[Site "masterchessopen.com Paris (France)"]
[Round "6"]
[White "Horvath Jozsef_ (HUN)"]
[Black "Nguyen Chi-Minh (FRA)"]
[Result "1-0"]
[WhiteElo "2508"]
[BlackElo "2370"]

1.d4 e6 2.Nf3 Nf6 3.e3 d5 4.c4 Nbd7 5.Nc3 c6 6.Qc2 Bd6 7.Bd3 dxc4 8.Bxc4 O-O
9.O-O e5 10.h3 Qe7 11.Bb3 h6 12.Nh4 Nb6 13.Ng6 {#r} 1-0

[Event "It (open)"]
[Site "masterchessopen.com Samara (Russia)"]
[Round "2"]
[White "Nemtzev Igor (RUS)"]
[Black "Melnikov Alexey (RUS)"]
[Result "1-0"]
[WhiteElo "2292"]
[BlackElo "2232"]

1.Nf3 Nf6 2.d4 d5 3.c4 c6 4.Nc3 e6 5.e3 Nbd7 6.Qc2 Bd6 7.Bd3 O-O 8.O-O dxc4
9.Bxc4 e5 10.h3 exd4 11.exd4 h6 12.Bxh6 Nb6 13.Qg6 Nh5 14.Ng5 {#r} 1-0

[Event "Bundesliga (2nd) West 2002/03"]
[Site "masterchessopen.com Germany"]
[Date "2003.02.23"]
[Round "7"]
[White "Boehnke Martin (GER)"]
[Black "Mellegers Joost (NED)"]
[Result "0-1"]
[WhiteElo "2209"]
[BlackElo "2301"]

1.d4 d5 2.c4 e6 3.Nf3 Nf6 4.Nc3 c6 5.e3 Nbd7 6.Qc2 Bd6 7.Be2 O-O 8.O-O Qe7
9.e4 dxe4 10.Nxe4 Nxe4 11.Qxe4 e5 12.dxe5 Nxe5 13.Be3 f5 14.Qc2 Nxf3+ 15.Bxf3
Qe5 16.g3 f4 17.Bxf4 Rxf4 18.gxf4 Qxf4 19.Rfd1 Bh3 20.Rxd6 Qxf3 {#R} 0-1

[Event "Memorial Karl Mala (open)"]
[Site "masterchessopen.com Griesheim (Germany)"]
[Date "2003.07.27"]
[Round "7"]
[White "Rowland Anthony (GER)"]
[Black "Konik Michael (GER)"]
[Result "0-1"]
[WhiteElo "1929"]
[BlackElo "2082"]

1.c4 c6 2.d4 d5 3.Nf3 Nf6 4.Nc3 e6 5.e3 Nbd7 6.Qc2 Bd6 7.Bd3 O-O 8.O-O Re8
9.e4 dxe4 10.Nxe4 Nxe4 11.Bxe4 h6 12.Re1 e5 13.c5 Bc7 14.dxe5 Nxe5 15.Nxe5
Bxe5 16.Be3 Qf6 17.Rad1 Be6 18.b3 Rad8 19.h3 Bc7 20.Bd4 Rxd4 {#R} 0-1

[Event "Ch Slovakia (team) 2003/04 (1 liga) West"]
[Site "masterchessopen.com Slovakia"]
[Round "10"]
[White "Janos Jozef (SVK)"]
[Black "Vrbica Ladislav (SVK)"]
[Result "1-0"]
[WhiteElo "2224"]
[BlackElo "2111"]

1.d4 d5 2.Nf3 Nf6 3.c4 c6 4.Nc3 e6 5.e3 Nbd7 6.Qc2 Bd6 7.a3 O-O 8.Bd3 dxc4
9.Bxc4 e5 10.O-O exd4 11.exd4 h6 12.Bxh6 Ng4 13.Bc1 Qc7 14.h3 Nh2 15.Ng5 Nf6
16.Nce4 Nxf1 17.Nxf6+ gxf6 18.Qh7# 1-0

[Event "It (open)"]
[Site "masterchessopen.com Montigny (France)"]
[Date "2004.10.26"]
[Round "1"]
[White "Hedjazian Kayhan (FRA)"]
[Black "Plantet Marc (FRA)"]
[Result "1-0"]
[WhiteElo "2124"]
[BlackElo "2076"]

1.d4 d5 2.c4 c6 3.e3 Nf6 4.Nc3 e6 5.Nf3 Nbd7 6.Qc2 Bd6 7.g4 h6 8.Bd2 Nxg4
9.Rg1 Nxh2 10.Nxh2 Bxh2 11.Rxg7 Qf6 12.Rg2 Bc7 13.cxd5 e5 14.O-O-O Nb6 15.Ne4
Qd8 16.d6 Bxd6 17.dxe5 Bxe5 18.f4 {#r} 1-0

[Event "It (open)"]
[Site "masterchessopen.com Montigny (France)"]
[Date "2004.10.29"]
[Round "6"]
[White "Majcherczyk Benjamin (FRA)"]
[Black "Rouzaud Philippe (FRA)"]
[Result "0-1"]
[WhiteElo "2079"]
[BlackElo "2246"]

1.d4 d5 2.c4 e6 3.Nc3 Nf6 4.Nf3 c6 5.e3 Nbd7 6.Qc2 Bd6 7.Bd3 dxc4 8.Bxc4 b5
9.Bd3 Bb7 10.e4 e5 11.O-O Rc8 12.dxe5 Nxe5 13.Nxe5 Bxe5 14.Qe2 b4 15.Nd1 O-O
16.Ne3 Qc7 17.h3 c5 18.Nc4 Bd4 19.Kh1 Rfe8 20.f3 Nh5 {#R} 0-1

[Event "Ch Baden"]
[Site "masterchessopen.com Ottenau (Germany)"]
[Round "3"]
[White "Kick Joachim (GER)"]
[Black "Duessel Udo (GER)"]
[Result "1-0"]
[WhiteElo "2202"]
[BlackElo "2290"]

1.Nf3 d5 2.d4 Nf6 3.c4 c6 4.Nc3 e6 5.e3 Nbd7 6.Qc2 Bd6 7.Bd3 O-O 8.O-O dxc4
9.Bxc4 e5 10.Bb3 exd4 11.exd4 h6 12.Bxh6 gxh6 13.Qg6+ Kh8 14.Qxh6+ Kg8 15.Ng5
Bf4 16.Nce4 a5 17.Qg6+ Kh8 18.Bxf7 {#r} 1-0

[Event "Ch PriFO"]
[Site "masterchessopen.com Izhevsk (Russia)"]
[Date "2005.03.18"]
[Round "3"]
[White "Iliushkin Evgen (RUS)"]
[Black "Uraev Ivan (RUS)"]
[Result "1-0"]
[WhiteElo "2305"]
[BlackElo "2112"]

1.d4 d5 2.c4 c6 3.e3 Nf6 4.Nc3 e6 5.Qc2 Nbd7 6.Nf3 Bd6 7.Bd3 O-O 8.O-O Qe7
9.e4 dxe4 10.Bxe4 e5 11.d5 Nb6 12.Qd3 cxd5 13.cxd5 Nfxd5 14.Nxd5 Nxd5 15.Qxd5
Be6 16.Qd3 Rac8 17.b3 Rfd8 18.Qe2 Bg4 19.Be3 Bc5 20.Rac1 Bxe3 {#r} 1-0

[Event "It (open)"]
[Site "masterchessopen.com Muehlhausen (Germany)"]
[Date "2005.05.06"]
[Round "5"]
[White "Pfrommer Christoph (GER)"]
[Black "Neubauer Ralf Dr (GER)"]
[Result "1-0"]
[WhiteElo "2252"]
[BlackElo "2055"]

1.d4 d5 2.c4 c6 3.e3 Nf6 4.Nc3 e6 5.Nf3 Nbd7 6.Qc2 Bd6 7.g4 dxc4 8.Bxc4 Nxg4
9.Rg1 Qf6 10.Ne4 Bb4+ 11.Ke2 Qf5 12.Bd2 Bf8 13.Bd3 Qh5 14.Rg3 f5 15.Neg5 Nb6
16.Rag1 Bd6 17.Rh3 Qg6 18.Rxg4 {#r} 1-0

[Event "Tournament (Elo)"]
[Site "masterchessopen.com Stockholm (Sweden)"]
[Date "2005.06.15"]
[Round "5"]
[White "Collett Peter (SWE)"]
[Black "Johansson Gunnar (SWE)"]
[Result "0-1"]
[WhiteElo "2234"]
[BlackElo "2276"]

1.d4 d5 2.c4 c6 3.Nc3 Nf6 4.e3 e6 5.Nf3 Nbd7 6.Qc2 b6 7.Bd3 Bb7 8.Bd2 Be7
9.cxd5 cxd5 10.g4 Rc8 11.Rg1 Ne4 12.Qa4 O-O 13.Rg2 a6 14.Ke2 b5 15.Qb3 b4
16.Nb1 a5 17.Ne1 e5 18.Kf1 Qb6 19.Nf3 Nxd2+ {#R} 0-1

[Event "It (open)"]
[Site "masterchessopen.com Vadso (Norway)"]
[Date "2005.08.26"]
[Round "1"]
[White "Johnsen Kjell Magne (NOR)"]
[Black "Rolvaag Mikael (NOR)"]
[Result "1-0"]
[WhiteElo "1912"]
[BlackElo "2079"]

1.d4 d5 2.c4 c6 3.Nc3 Nf6 4.e3 e6 5.Nf3 Nbd7 6.Qc2 b6 7.Bd3 Bb7 8.O-O Be7 9.b3
Rc8 10.Bb2 c5 11.Rfd1 cxd4 12.Nxd4 dxc4 13.Bxc4 Qc7 14.Qe2 O-O 15.Ncb5 Qb8
16.Nxe6 Rfe8 17.Nxg7 {#r} 1-0

[Event "Tournament (final)"]
[Site "masterchessopen.com Vitoria (Brazil)"]
[Date "2005.10.29"]
[Round "4"]
[White "Cantarino Mario Ribeiro (BRA)"]
[Black "Silveira Rogerio Zanon Da (BRA)"]
[Result "0-1"]
[WhiteElo "2180"]
[BlackElo "2167"]

1.d4 d5 2.c4 e6 3.Nc3 c6 4.e3 Nf6 5.Nf3 Nbd7 6.Qc2 Bd6 7.Be2 dxc4 8.Bxc4 b5
9.Bd3 Bb7 10.O-O O-O 11.e4 e5 12.dxe5 Nxe5 13.Nxe5 Bxe5 14.f4 Bd4+ 15.Kh1 Ng4
16.Ne2 Nxh2 {#R} 0-1

[Event "It (open)"]
[Site "masterchessopen.com Villa Martelli (Argentina)"]
[Round "1"]
[White "Dickau Daniel (ARG)"]
[Black "Florentin David (ARG)"]
[Result "1-0"]
[WhiteElo "2149"]
[BlackElo "2090"]

1.d4 Nf6 2.Nf3 e6 3.c4 d5 4.Nc3 c6 5.e3 Nbd7 6.Qc2 Bd6 7.b3 Qe7 8.Bb2 a6 9.c5
Bb8 10.Na4 Ne4 11.Bd3 f5 12.Rc1 O-O 13.O-O Rf6 14.Ne5 Rh6 15.Bxe4 dxe4 16.g3
Bc7 17.f3 Nf6 18.Nb6 Bxb6 19.cxb6 Nd5 {#r} 1-0

[Event "It (open)"]
[Site "masterchessopen.com Montpellier (France)"]
[Date "2006.07.09"]
[Round "2"]
[White "Abello Sebastien (FRA)"]
[Black "Olaizola Ortega Luis (ESP)"]
[Result "1-0"]
[WhiteElo "2258"]
[BlackElo "2170"]

1.d4 e6 2.c4 d5 3.Nc3 c6 4.e3 Nf6 5.Nf3 Nbd7 6.Qc2 Bd6 7.g4 Nxg4 8.Rg1 Nh6
9.Bd2 Nf6 10.Bd3 Nf5 11.O-O-O O-O 12.e4 dxe4 13.Nxe4 Nxe4 14.Bxe4 Qc7 15.Kb1
Bf4 16.Bc3 Rb8 17.d5 cxd5 18.Bxf5 {#r} 1-0

[Event "Ch MinPros (b)"]
[Site "masterchessopen.com Nizhnij Novgorod (Russia)"]
[Round "0"]
[White "Rozum Ivan (RUS)"]
[Black "Matsenko Sergei (RUS)"]
[Result "1-0"]
[WhiteElo "2336"]
[BlackElo "2363"]

1.d4 d5 2.c4 c6 3.Nc3 Nf6 4.e3 e6 5.Nf3 Nbd7 6.Qc2 Bd6 7.b3 O-O 8.Be2 Re8
9.O-O b6 10.e4 Nxe4 11.Nxe4 dxe4 12.Qxe4 Bb7 13.Bf4 Bxf4 14.Qxf4 Qb8 15.Qh4 e5
16.Bd3 h6 17.Bf5 Nf8 18.Nxe5 c5 19.Rfe1 Qc7 20.Be4 {#r} 1-0

[Event "Ch MinPros (b)"]
[Site "masterchessopen.com Nizhnij Novgorod (Russia)"]
[Round "0"]
[White "Trofimov Sergey P (RUS)"]
[Black "Koreschikov Maxim (RUS)"]
[Result "1-0"]
[WhiteElo "2399"]
[BlackElo "2289"]

1.d4 d5 2.c4 c6 3.Nf3 Nf6 4.Nc3 e6 5.e3 Nbd7 6.Qc2 Bd6 7.Bd3 dxc4 8.Bxc4 O-O
9.O-O e5 10.Bb3 Qc7 11.h3 b6 12.Bd2 Bb7 13.Rad1 Rae8 14.Nh4 exd4 15.exd4 c5
16.Nb5 Bh2+ 17.Kh1 Qb8 18.dxc5 Be4 19.Qc4 Nxc5 20.Bb4 {#r} 1-0

[Event "Ch France (team) (nat.2) 2006/07"]
[Site "masterchessopen.com France"]
[Date "2006.11.26"]
[Round "3"]
[White "Hofmann Martin (GER)"]
[Black "Schwalfenberg Joerg (GER)"]
[Result "0-1"]
[WhiteElo "2190"]
[BlackElo "2324"]

1.d4 d5 2.c4 c6 3.Nf3 Nf6 4.e3 e6 5.Nc3 Nbd7 6.Qc2 Bd6 7.Bd3 dxc4 8.Bxc4 O-O
9.Ne4 Nxe4 10.Qxe4 e5 11.Bd2 Nf6 12.Qc2 e4 13.Ne5 Qe7 14.Bc3 Be6 15.a3 Nd5
16.Qxe4 Nxc3 17.bxc3 Bxc4 {#R} 0-1

[Event "Memorial A.Suetin (open)"]
[Site "masterchessopen.com Tula (Russia)"]
[Date "2006.11.26"]
[Round "6"]
[White "Ponomarenko Viktor (RUS)"]
[Black "Tuzinskiy Denis (RUS)"]
[Result "0-1"]
[WhiteElo "2234"]
[BlackElo "2153"]

1.d4 d5 2.c4 c6 3.Nf3 Nf6 4.e3 e6 5.Qc2 Nbd7 6.Nc3 Bd6 7.Bd3 a6 8.b3 e5 9.cxd5
cxd5 10.dxe5 Nxe5 11.Nxe5 Bxe5 12.Bd2 O-O 13.h3 d4 14.exd4 Bxd4 15.O-O Qc7
16.Rac1 Be6 17.Ne4 Qxc2 18.Rxc2 Nxe4 19.Bxe4 {#R} 0-1

[Event "Ch City (juniors) (under 18)"]
[Site "masterchessopen.com St. Petersburg (Russia)"]
[Date "2006.12.10"]
[Round "5"]
[White "Korennoi Viktor (RUS)"]
[Black "Mukhlisov Vladislav (RUS)"]
[Result "1-0"]
[WhiteElo "2199"]
[BlackElo "2130"]

1.d4 d5 2.c4 c6 3.Nf3 Nf6 4.Nc3 e6 5.e3 Nbd7 6.Qc2 b6 7.cxd5 exd5 8.Bd3 Be7
9.e4 dxe4 10.Nxe4 Bb7 11.O-O O-O 12.Ne5 c5 13.Ng5 h6 14.Bh7+ {#r} 1-0

[Event "It (open)"]
[Site "masterchessopen.com Montigny le Bretonneux (France)"]
[Date "2006.12.28"]
[Round "4"]
[White "Keraval Roignant Claude (FRA)"]
[Black "Appavou Calixte (FRA)"]
[Result "0-1"]
[WhiteElo "1673"]
[BlackElo "1900"]

1.d4 d5 2.c4 c6 3.Nc3 Nf6 4.Nf3 Nbd7 5.e3 e6 6.Qc2 Bd6 7.Bd3 e5 8.e4 dxe4
9.Nxe4 Nxe4 10.Bxe4 exd4 11.Nxd4 Nf6 12.Nf3 Qe7 13.O-O Nxe4 14.Re1 f5 15.Ng5
O-O 16.f3 h6 17.Nh3 Qh4 18.fxe4 Qxe1# 0-1

[Event "Czech League 2006/07 (2nd) (b)"]
[Site "masterchessopen.com Czech Republic"]
[Round "0"]
[White "Jenicek Emil (CZE)"]
[Black "Contos Vaclav (CZE)"]
[Result "0-1"]
[WhiteElo "2058"]
[BlackElo "2070"]

1.Nf3 c6 2.c4 d5 3.d4 e6 4.Qc2 Nf6 5.e3 Nbd7 6.Nc3 Bd6 7.Bd2 O-O 8.Rc1 Qe7
9.Bd3 dxc4 10.Bxc4 e5 11.dxe5 Nxe5 12.Nxe5 Bxe5 13.Ne2 Rd8 14.f4 Bc7 15.O-O
Bf5 16.Qd1 Ba5 17.Nd4 Bg4 {#R} 0-1

[Event "Ch Croatia (team) (3rd league)"]
[Site "masterchessopen.com Croatia"]
[Date "2007.04.15"]
[Round "2"]
[White "Novosel Tomislav (CRO)"]
[Black "Golub Vladimir (CRO)"]
[Result "1-0"]
[WhiteElo "2094"]
[BlackElo "2103"]

1.d4 Nf6 2.c4 e6 3.Nf3 d5 4.Nc3 c6 5.e3 Nbd7 6.Qc2 Bd6 7.g4 dxc4 8.Bxc4 e5
9.g5 Nh5 10.Ne4 Bc7 11.g6 hxg6 12.Neg5 Rf8 13.Bd2 Qf6 14.Bc3 b5 15.Be2 Rh8
16.dxe5 Qe7 17.e6 fxe6 18.Qxg6+ {#r} 1-0

[Event "It (open)"]
[Site "masterchessopen.com Condom (France)"]
[Round "1"]
[White "Gryson Wouter (BEL)"]
[Black "Cwiek Perrine (FRA)"]
[Result "1-0"]
[WhiteElo "2066"]
[BlackElo "1766"]

1.d4 d5 2.c4 c6 3.Nf3 Nf6 4.Nc3 e6 5.e3 Nbd7 6.Qc2 Bd6 7.g4 dxc4 8.Bxc4 h6
9.Rg1 Nd5 10.e4 Nxc3 11.bxc3 c5 12.e5 Be7 13.g5 hxg5 14.Nxg5 Nf8 15.Qe4 Qc7
16.Qf3 Bd8 17.Bb5+ {#r} 1-0

[Event "It (open)"]
[Site "masterchessopen.com Senta (Serbia)"]
[Date "2007.07.21"]
[Round "1"]
[White "Helsen Steff (BEL)"]
[Black "Matsenko Sergei (RUS)"]
[Result "0-1"]
[WhiteElo "2147"]
[BlackElo "2415"]

1.d4 d5 2.c4 c6 3.Nc3 Nf6 4.Nf3 e6 5.Qc2 Nbd7 6.e3 Bd6 7.g4 Nxg4 8.Rg1 f5 9.h3
Ngf6 10.Rxg7 Ne4 11.Nxe4 fxe4 12.Nd2 Qf6 13.Rg1 Nf8 14.Bg2 Rg8 15.f4 Ng6
16.Nf1 Nh4 17.Qf2 Be7 18.Bd2 Qg6 19.O-O-O Qxg2 {#R} 0-1

[Event "It (open) (b)"]
[Site "masterchessopen.com Schwarzach (Austria)"]
[Date "2007.08.23"]
[Round "6"]
[White "Karatsioras Nikolaos (GER)"]
[Black "Klocker Daniel (AUT)"]
[Result "0-1"]
[WhiteElo "1987"]
[BlackElo "2072"]

1.d4 d5 2.c4 e6 3.Nc3 Nf6 4.Nf3 c6 5.e3 Nbd7 6.Qc2 Bd6 7.g4 Nxg4 8.Rg1 h5 9.h3
Nh6 10.Rxg7 Qf6 11.Rh7 Rxh7 12.Qxh7 Nf8 13.Qc2 Qxf3 14.e4 Ng8 15.Bd2 Ne7
16.Be2 Qxh3 17.O-O-O b6 18.cxd5 exd5 19.exd5 cxd5 20.Nb5 Qd7 {#R} 0-1

[Event "Hessenliga 2007/08"]
[Site "masterchessopen.com Hessen (Germany)"]
[Date "2008.01.20"]
[Round "5"]
[White "Uwira Oliver (GER)"]
[Black "Petri Klaus (GER)"]
[Result "1-0"]
[WhiteElo "2302"]
[BlackElo "2326"]

1.d4 d5 2.c4 e6 3.Nc3 c6 4.Nf3 Nf6 5.e3 Nbd7 6.Qc2 Bd6 7.g4 Nxg4 8.Rg1 Nxh2
9.Nxh2 Bxh2 10.Rxg7 Bd6 11.Rxh7 Rxh7 12.Qxh7 Nf6 13.Qh8+ Ke7 14.Qh4 Bb4 15.Bd2
Bd7 16.Nxd5+ {#r} 1-0

[Event "Ch DFO"]
[Site "masterchessopen.com Birobidzhan (Russia)"]
[Date "2008.03.14"]
[Round "5"]
[White "Emeliantsev Anatoliy (RUS)"]
[Black "Parshin Ivan (RUS)"]
[Result "1-0"]
[WhiteElo "2345"]
[BlackElo "2256"]

1.d4 d5 2.c4 c6 3.Nc3 Nf6 4.e3 e6 5.Nf3 Nbd7 6.Qc2 Bd6 7.e4 dxe4 8.Nxe4 Nxe4
9.Qxe4 Qe7 10.Bd3 e5 11.O-O f5 12.Qxf5 Nf6 13.Qg5 h6 14.Qg6+ Kd8 15.dxe5 Bxe5
16.Re1 Bxh2+ 17.Kxh2 {#r} 1-0

[Event "Czech League 2007/08 (2nd) (b)"]
[Site "masterchessopen.com Czech Republic"]
[Date "2008.03.16"]
[Round "10"]
[White "Orsag Milan (CZE)"]
[Black "Srba Milan (CZE)"]
[Result "1-0"]
[WhiteElo "2428"]
[BlackElo "2214"]

1.d4 Nf6 2.Nf3 d5 3.c4 c6 4.Nc3 e6 5.e3 Nbd7 6.Qc2 Bd6 7.b3 Bb4 8.Bd2 O-O
9.Bd3 Re8 10.O-O dxc4 11.Bxc4 e5 12.Ng5 Re7 13.dxe5 Nxe5 14.Nce4 {#r} 1-0